Godišnik 2007
Salvato in:
| Natura: | Libro |
|---|---|
| Lingua: | bulgaro inglese tedesco russo |
| Pubblicazione: |
Varna
Ikonomičeski universitet
2008
|
| Soggetti: | |
| Tags: |
Nessun Tag, puoi essere il primo ad aggiungerne!!
|
MARC
| LEADER | 00000nam$a2200000$$$4500 | ||
|---|---|---|---|
| 001 | 0089373 | ||
| 005 | 20250901081835.2 | ||
| 022 | |a 0861-6752 | ||
| 041 | 0 | |a bul | |
| 041 | 0 | |a eng | |
| 041 | 0 | |a ger | |
| 041 | 0 | |a rus | |
| 044 | |a BG | ||
| 245 | 1 | 0 | |a Godišnik 2007 |
| 264 | 1 | |a Varna |b Ikonomičeski universitet |c 2008 | |
| 300 | |a 375 s. | ||
| 610 | 2 | 0 | |a veda ekonomická |
| 610 | 2 | 0 | |a univerzity |
| 610 | 2 | 0 | |a kultúra |
| 610 | 2 | 0 | |a podnikanie |
| 610 | 2 | 0 | |a nehnuteľnosti |
| 610 | 2 | 0 | |a informácie |
| 610 | 2 | 0 | |a modelovanie |
| 610 | 2 | 0 | |a obchod |
| 610 | 2 | 0 | |a dokumentácia |
| 610 | 2 | 0 | |a rozvoj regionálny |
| 610 | 2 | 0 | |a plánovanie |
| 610 | 2 | 0 | |a integrácia ekonomická medzinárodná |
| 610 | 2 | 0 | |a projekty investičné |
| 610 | 2 | 0 | |a infraštruktúra technická |
| 610 | 2 | 0 | |a spoločnosti investičné |
| 610 | 2 | 0 | |a analýzy |
| 610 | 2 | 0 | |a úmrtnosť |
| 610 | 2 | 0 | |a báza dát |
| 610 | 2 | 0 | |a predaj |
| 610 | 2 | 0 | |a firmy |
| 610 | 2 | 0 | |a marketing |
| 610 | 2 | 0 | |a Bulharsko |